| 000 | 00632cam a22002293a 4500 | ||
|---|---|---|---|
| 001 | 30880 | ||
| 003 | PGUSA | ||
| 005 | 20140828083652.0 | ||
| 008 | 100107s2010||||xxu|||||s|||||000 | eng d | ||
| 040 |
_aPGUSA _beng |
||
| 042 | _adc | ||
| 050 | 4 | _aBX | |
| 100 | 1 | _aRaby, Richard | |
| 245 | 1 | 0 |
_aPope Adrian IV : _bAn Historical Sketch _h[electronic resource] / _cRichard Raby |
| 260 |
_bProject Gutenberg, _c2010 |
||
| 506 | _aPublic domain in the USA. | ||
| 516 | _aElectronic text | ||
| 653 | _aAdrian IV, Pope, -1159 | ||
| 830 | 0 |
_aProject Gutenberg _v30880 |
|
| 856 | 4 | 0 | _uhttp://www.gutenberg.org/ebooks/30880 |
| 942 | _cEB | ||
| 999 |
_c260135 _d260135 |
||